| 000 | 00793nam a22001937a 4500 | ||
|---|---|---|---|
| 003 | OSt | ||
| 005 | 20251104135729.0 | ||
| 008 | 251104b |||||||| |||| 00| 0 eng d | ||
| 040 | _c0 | ||
| 082 | _aDPer 372.83044 SoI31 September 2022-April 2023 v. 35 n. 1-4 | ||
| 100 |
_aKhiantani, Nidhi. _eauthor. _969163 |
||
| 245 |
_aDisrupting dominant narratives of Asian Americans in the United States using Yang's Front Desk / _cNidhi Khiantani and Lisa Brown Buchanan. |
||
| 260 | _cSeptember/October 2022. | ||
| 300 |
_aVolume 35, pages 11-18 : _billustration ; _c28 cm. |
||
| 500 | _aSocial Studies and the Young Learner, vol. 35, no. 1, pages 11-18, September/October 2022. | ||
| 700 |
_aKhiantani, Nidhi. _eauthor. _969163 |
||
| 710 |
_aBuchanan, Lisa Brown. _eauthor. _969164 |
||
| 942 |
_2ddc _cPER |
||
| 999 |
_c24144 _d24144 |
||